Le romantisme dans la musique européenne / (Registro nro. 169862)

Detalles MARC
000 -LEADER
campo de control de longitud fija 00949nam a2200265 i 4500
001 - NÚMERO DE CONTROL
campo de control 169862
003 - IDENTIFICADOR DE NÚMERO DE CONTROL
campo de control ES-MaACL
005 - FECHA Y HORA DE LA ÚLTIMA TRANSACCIÓN
campo de control 20251013211845.0
008 - DATOS DE LONGITUD FIJA--INFORMACIÓN GENERAL
campo de control de longitud fija 081209s1955 fr |||| | fre d
080 ## - NÚMERO DE LA CLASIFICACIÓN DECIMAL UNIVERSAL
Número de la Clasificación Decimal Universal 78.035
100 1# - ENTRADA PRINCIPAL--NOMBRE DE PERSONA
Nombre de persona Chantavoine, Jean.
9 (RLIN) 37983
245 13 - MENCIÓN DEL TÍTULO
Título Le romantisme dans la musique européenne /
Mención de responsabilidad, etc. par Jean Chantavoine et Jean Gaudefroy-Demombynes.
260 ## - PUBLICACIÓN, DISTRIBUCIÓN, ETC.
Lugar de publicación, distribución, etc. Paris :
Nombre del editor, distribuidor, etc. Albin Michel,
Fecha de publicación, distribución, etc. 1955.
300 ## - DESCRIPCIÓN FÍSICA
Extensión XXVII, 611 p. ;
Dimensiones 21 cm.
490 1# - MENCIÓN DE SERIE
Mención de serie L'ère romantique ;
Designación de volumen o secuencia 3
490 1# - MENCIÓN DE SERIE
Mención de serie L'évolution de l'humanité ;
Designación de volumen o secuencia 76ter
500 ## - NOTA GENERAL
Nota general Índices.
504 ## - NOTA DE BIBLIOGRAFÍA, ETC.
Nota de bibliografía, etc. Bibliografía.
650 #7 - PUNTO DE ACCESO ADICIONAL DE MATERIA--TÉRMINO DE MATERIA
Término de materia o nombre geográfico como elemento de entrada Romanticismo (Música)
Fuente del encabezamiento o término
9 (RLIN) 139059
700 1# - ENTRADA AGREGADA--NOMBRE PERSONAL
Nombre de persona Gaudefroy-Demombynes, Jean,
Fechas asociadas al nombre 1898-1984
9 (RLIN) 153890
830 0# - PUNTO DE ACCESO ADICIONAL DE SERIE-TÍTULO UNIFORME
Título uniforme L'ère romantique ;
Designación de volumen o secuencia 3
9 (RLIN) 222916
830 0# - PUNTO DE ACCESO ADICIONAL DE SERIE-TÍTULO UNIFORME
Título uniforme L'évolution de l'humanité ;
Designación de volumen o secuencia 76ter
9 (RLIN) 181507
852 4# - LOCALIZACIÓN
Ubicación ES-MaACL
Número de control de estantería E-12336
itemnumber R.140519
Nota libre Biblioteca Jacinto Martínez Lacalle
Existencias
Estatus retirado Estado de pérdida Estado de daño No para préstamo Biblioteca de origen Biblioteca actual Ubicación en estantería Fecha de adquisición Fuente de adquisición Total de préstamos Signatura topográfica completa Código de barras Visto por última vez Precio de reemplazo Tipo de ítem Koha
        Biblioteca del Ateneo de Madrid Biblioteca del Ateneo de Madrid Depósito 2 10/12/2008     E-12336 1178341 23/02/2023 23/02/2023 Libro impreso